Forensic analysis of biological evidence: A laboratory guide for serological and DNA typing (Record no. 13053)

MARC details
000 -LEADER
fixed length control field 00515nam a2200169Ia 4500
008 - FIXED-LENGTH DATA ELEMENTS--GENERAL INFORMATION
fixed length control field 230917s9999||||xx |||||||||||||| ||und||
020 ## - ISBN
Price GBP25.99
040 ## - CATALOGING SOURCE
-- 221422
Original cataloging agency VIVEKANANDA LIBRARY
041 ## - Language
-- English
082 ## - DDC NUMBER
Classification number 362.256 M132F
100 ## - MAIN ENTRY--PERSONAL NAME
Personal name McClintock, J Thomas
245 #0 - TITLE STATEMENT
Title Forensic analysis of biological evidence: A laboratory guide for serological and DNA typing
260 ## - PUBLICATION, DISTRIBUTION, ETC. (IMPRINT)
Place of publication, distribution, etc Boca Raton
Name of publisher, distributor, etc CRC Press
Date of publication, distribution, etc 2014
300 ## - PHYSICAL DESCRIPTION
Pages xxiii, 152 p.
500 ## - GENERAL NOTE
General note 1743 27/12/2014 KB432 13/01/2015 Main Budget
942 ## - ADDED ENTRY ELEMENTS (KOHA)
Koha item type Books
Holdings
Withdrawn status Lost status Damaged status Not for loan Location (home branch) Sublocation or collection (holding branch) Date acquired Koha issues (times borrowed) Koha full call number Accession No. Koha date last seen Koha item type
        VIVEKANANDA LIBRARY VIVEKANANDA LIBRARY 18/02/2015   362.256 M132F 304981 17/09/2023 Books
© Designed and Maintained by Vivekananda Library, MDU Rohtak